00851nam a22002537a 450000500170000001000130001702000230003003500130005303700160006604000120008208200130009410000260010724500730013324600060020626000430021227000370025530000250029250000500031765000280036765000320039594200220042799900190044995201290046820170124105916.0 aA-822358 c490.00a8172245106 aA-822358 bCen Lib/Ret aDPLbEN a023bJOR aJordan, Peter9106616 aStaff management in library and information work /cby Peter Jordan  b  bJaico Publishing House c1996aBombay  bBombay a121, M. G. Roade400023 axii, 264p.c24cm(Hb) aincludes bibliographical references and index aLibrary Science9106617 aStaff Appraisal x 9106618 2ddccENh023mJOR c122822d122822 001040718REFaLbLd2015-05-30eCen Lib/Retg495.00l0o023 JORpA-822358r2015-05-30 00:00:00t1v495.00w2015-05-30yEN